00556nam a2200193 a 450000100060000000300090000600800410001502000180005604000280007404100080010210000320011024500500014225000110019226000310020330000110023450000580024565000250030365000340032825551CO-ViMGA141112s2004 ck r 000 u spa d a9789588461151 aCO-ViMGAbspacCO-ViMGA aSPA1 aGaray, Juan Carlos, 1974 - 10aLa canción de la luna / cJuan Carlos Garay a1a ed. aBogotá : bIcono, c2011 a178 p. aIncluye biografía del autor en la solapa del libro.14aAUTORES COLOMBIANOS 14aNOVELA COLOMBIANA - SIGLO XXI